[Event "FB1 2223 FC Bayern München - Rodewische"]
[Site "?"]
[Date "2023.03.11"]
[Round "7.1"]
[White "Sieber, Fiona"]
[Black "Exler, Veronika"]
[Result "1-0"]
[WhiteElo "2217"]
[BlackElo "2123"]
[PlyCount "111"]
[EventDate "2023.??.??"]

1. e4 c6 2. Nf3 d5 3. exd5 cxd5 4. Ne5 Nc6 5. Bb5 Bd7 6. Nxd7 Qxd7 7. d4 a6 8. Be2 Nf6 9. O-O e6 10. Bf4 Bd6 11. Bxd6 Qxd6 12. c3 O-O 13. Nd2 Na5 14. Qa4 Qc7 15. Bd3 b5 16. Qc2 Rfc8 17. Rfc1 Qb6 18. a3 Nc6 19. Nf3 a5 20. b4 a4 21. Qe2 Rab8 22. Rc2 Rb7 23. Re1 h6 24. h4 Ne7 25. Ne5 h5 26. Qf3 Rbc7 27. Re3 Kf8 28. Qf4 Nc6 29. Rf3 Qb7 30. Rg3 Nxe5 31. dxe5 Ne4 32. Bxe4 dxe4 33. Qg5 g6 34. Qf6 Kg8 35. Rd2 Rd7 36. Rd6 Qc7 37. Rxe6 fxe6 38. Rxg6+ Rg7 39. Rxg7+ Qxg7 40. Qxe6+ Kh7 41. Qxc8 Qxe5 42. Qc5 Qe8 43. c4 bxc4 44. Qxc4 Qe7 45. g3 Qe5 46. Kg2 Kg7 47. Qc5 Qb2 48. b5 Qe2 49. b6 Qf3+ 50. Kg1 Kh7 51. b7 e3 52. Qe7+ Kg6 53. Qxe3 Qxb7 54. Qg5+ Kf7 55. Qxh5+ Kg7 56. Qg4+ 1-0

[Event "FB1 2223 FC Bayern München - Rodewische"]
[Site "?"]
[Date "2023.03.11"]
[Round "7.2"]
[White "Schloffer, Jasmin-Denise"]
[Black "Sliwicka, Alicja"]
[Result "1/2-1/2"]
[WhiteElo "2089"]
[BlackElo "2272"]
[PlyCount "157"]
[EventDate "2023.??.??"]

1. d4 d5 2. c4 e6 3. Nc3 Nf6 4. cxd5 exd5 5. Bg5 c6 6. e3 h6 7. Bh4 Be7 8. Bd3 O-O 9. Qc2 Re8 10. Nge2 Nbd7 11. O-O Nh5 12. Bxe7 Qxe7 13. Rab1 a5 14. Na4 Nhf6 15. Rfe1 Ne4 16. f3 b5 17. Nac3 Nxc3 18. Nxc3 Nb6 19. e4 Qh4 20. Ne2 Bd7 21. e5 Rac8 22. Qd2 Nc4 23. Qf4 Qe7 24. b3 Nb6 25. Rbd1 a4 26. Ng3 Ra8 27. Rc1 axb3 28. axb3 Ra3 29. Bc2 Rea8 30. h4 Be6 31. Nh5 Kh8 32. Qg3 g6 33. Qf4 Kh7 34. Nf6+ Kg7 35. h5 g5 36. Qe3 Nd7 37. Ng4 Qb4 38. Qd3 Rh8 39. Ne3 c5 40. Nf5+ Kf8 41. dxc5 Nxc5 42. Qe3 Nxb3 43. Rb1 d4 44. Qe4 Kg8 45. Bxb3 Rxb3 46. Nxd4 Rxb1 47. Rxb1 Qc4 48. Rxb5 Kg7 49. Nf5+ Kh7 50. Qxc4 Bxc4 51. Rb6 Be6 52. Nd4 Bc8 53. Kf2 Rd8 54. Ke3 Rd5 55. Ke4 Rc5 56. g4 Ra5 57. Rb8 Rc5 58. Rb6 Ra5 59. e6 fxe6 60. Nxe6 Bxe6 61. Rxe6 Ra4+ 62. Ke5 Rf4 63. Rf6 Ra4 64. Rf7+ Kg8 65. Rf5 Kg7 66. Ke6 Ra6+ 67. Ke5 Ra5+ 68. Ke4 Ra4+ 69. Ke3 Ra3+ 70. Kf2 Ra2+ 71. Kg3 Ra3 72. Rb5 Ra4 73. Rb7+ Kg8 74. Re7 Ra2 75. f4 Ra3+ 76. Kf2 Ra4 77. fxg5 Rxg4 78. gxh6 Rg5 79. Kf3 1/2-1/2

[Event "FB1 2223 FC Bayern München - Rodewische"]
[Site "?"]
[Date "2023.03.11"]
[Round "7.3"]
[White "Theissl Pokorna, Regina"]
[Black "Butenandt, Svenja"]
[Result "1-0"]
[WhiteElo "2300"]
[BlackElo "2087"]
[PlyCount "59"]
[EventDate "2023.??.??"]

1. e4 c6 2. c4 d5 3. exd5 cxd5 4. cxd5 Nf6 5. Nc3 Nxd5 6. Bc4 Nb6 7. Bb3 g6 8. Nf3 Bg7 9. d4 O-O 10. h3 Nc6 11. d5 Na5 12. O-O Qd6 13. Re1 Nxb3 14. axb3 Rd8 15. Ra5 h6 16. Be3 Nd7 17. Nb5 Qb4 18. Bd2 Qc5 19. b4 Qb6 20. Rxe7 a6 21. Qe2 Nf8 22. Be3 Qf6 23. Bd4 Qf4 24. Bxg7 Kxg7 25. Ne5 Qxb4 26. Nxf7 Ne6 27. Nxd8+ Qxe7 28. Nxe6+ Bxe6 29. dxe6 Qb4 30. Ra3 1-0

[Event "FB1 2223 FC Bayern München - Rodewische"]
[Site "?"]
[Date "2023.03.11"]
[Round "7.4"]
[White "Vidonyak, Nellya"]
[Black "Korenova, Martina"]
[Result "1/2-1/2"]
[WhiteElo "2116"]
[BlackElo "2156"]
[PlyCount "109"]
[EventDate "2023.??.??"]

1. d4 Nf6 2. Nf3 g6 3. Nbd2 Bg7 4. e4 d6 5. c3 O-O 6. Bc4 Nc6 7. d5 Nb8 8. O-O c6 9. Re1 b5 10. Bb3 Bb7 11. Nf1 a5 12. a3 Nbd7 13. dxc6 Bxc6 14. Ng3 b4 15. Nd4 Bb7 16. cxb4 axb4 17. a4 Nc5 18. f3 Nfd7 19. Bc4 Nb6 20. Bb5 Bxd4+ 21. Qxd4 Nb3 22. Qxb4 Nxa1 23. Bh6 Qc7 24. Rxa1 Rfc8 25. Rd1 Qd8 26. Re1 Nd7 27. Qd4 Nf6 28. Ne2 Qa5 29. Be3 Rc2 30. b4 Qc7 31. Bd3 e5 32. Qa1 Rc4 33. Bxc4 Qxc4 34. Nc3 d5 35. exd5 Qxb4 36. Rb1 Qe7 37. d6 Qd7 38. Qb2 Bc6 39. Bg5 Qxd6 40. Bxf6 Qxf6 41. Qb6 Kg7 42. a5 Rc8 43. Qe3 Qd6 44. Rd1 Qc7 45. Nd5 Bxd5 46. Rxd5 Qc1+ 47. Qxc1 Rxc1+ 48. Kf2 Kf6 49. Rd6+ Kf5 50. a6 Ra1 51. g4+ Kg5 52. Kg3 Rg1+ 53. Kf2 Ra1 54. Kg3 Rg1+ 55. Kf2 1/2-1/2

[Event "FB1 2223 FC Bayern München - Rodewische"]
[Site "?"]
[Date "2023.03.11"]
[Round "7.5"]
[White "Kanakova, Natalie"]
[Black "Acarbay, Algi"]
[Result "1-0"]
[WhiteElo "2124"]
[BlackElo "1980"]
[PlyCount "93"]
[EventDate "2023.??.??"]

1. Nf3 d5 2. e3 Nf6 3. c4 c6 4. Nc3 e6 5. b3 Bd6 6. Bb2 O-O 7. Qc2 Nbd7 8. Rg1 e5 9. cxd5 cxd5 10. Nb5 Bb8 11. Rc1 e4 12. Nfd4 Bxh2 13. Rh1 Ng4 14. d3 Re8 15. dxe4 dxe4 16. g3 Nxe3 17. fxe3 Bxg3+ 18. Kd1 Nf6 19. Qg2 Be5 20. Kc2 a6 21. Na3 b5 22. Kb1 Bd7 23. Be2 Qe7 24. Nac2 Rab8 25. Qf1 Rb7 26. Qe1 Ra8 27. Nb4 Bd6 28. Nbc6 Qe8 29. Rg1 Kh8 30. Qd2 Bf8 31. Rg5 Rc7 32. Nb4 Rxc1+ 33. Bxc1 a5 34. Nd5 Nxd5 35. Rxd5 b4 36. Nb5 Be6 37. Nc7 Qc6 38. Nxe6 Qxe6 39. Rd8 Rc8 40. Bc4 Qg4 41. Bxf7 Qf5 42. Rxc8 Qxc8 43. Qd5 Be7 44. Qxe4 Bf6 45. Bc4 Qd8 46. Qd5 g6 47. e4 1-0

[Event "FB1 2223 FC Bayern München - Rodewische"]
[Site "?"]
[Date "2023.03.11"]
[Round "7.6"]
[White "Ankerst, Milka"]
[Black "Kubikova, Hana"]
[Result "1/2-1/2"]
[WhiteElo "1921"]
[BlackElo "2067"]
[PlyCount "52"]
[EventDate "2023.??.??"]

1. e4 c5 2. Nf3 Nf6 3. Nc3 Nc6 4. d4 d5 5. exd5 Nxd5 6. Be2 Nxc3 7. bxc3 e6 8. O-O Be7 9. Be3 O-O 10. Ne5 Nxe5 11. dxe5 Qc7 12. f4 b6 13. c4 Bb7 14. Bd3 g6 15. Qg4 Rfd8 16. Qg3 Bf8 17. Rab1 Bg7 18. Rb3 Bc6 19. Qf2 Rac8 20. Re1 Qe7 21. Ra3 Ba8 22. Rb1 Bc6 23. Ra6 Qb7 24. Ra3 Qe7 25. Ra6 Qb7 26. Ra3 Qe7 1/2-1/2

[Event "FB1 2223 SK Schwäbisch Hall - SV Weißb"]
[Site "?"]
[Date "2023.03.11"]
[Round "7.1"]
[White "Cyfka, Karina"]
[Black "Javakhishvili, Lela"]
[Result "1/2-1/2"]
[WhiteElo "2350"]
[BlackElo "2443"]
[PlyCount "25"]
[EventDate "2023.??.??"]

1. d4 Nf6 2. c4 e6 3. Nf3 b6 4. a3 Bb7 5. Nc3 d5 6. cxd5 Nxd5 7. Nxd5 Qxd5 8. Bf4 Bd6 9. Bxd6 Qxd6 10. e3 Nd7 11. Be2 O-O 12. O-O Qe7 13. b4 1/2-1/2

[Event "FB1 2223 SK Schwäbisch Hall - SV Weißb"]
[Site "?"]
[Date "2023.03.11"]
[Round "7.2"]
[White "Arabidze, Meri"]
[Black "Kulon, Klaudia"]
[Result "0-1"]
[WhiteElo "2433"]
[BlackElo "2290"]
[PlyCount "174"]
[EventDate "2023.??.??"]

1. d4 Nf6 2. c4 g6 3. g3 Bg7 4. Bg2 O-O 5. Nc3 d6 6. Nf3 Nc6 7. O-O e5 8. dxe5 dxe5 9. Bg5 Be6 10. Nd2 h6 11. Bxf6 Bxf6 12. Nde4 Be7 13. Qc1 Kg7 14. Rd1 Qe8 15. Nd5 Bd8 16. Nc5 Bc8 17. b4 a5 18. b5 Nd4 19. Nc3 Rb8 20. e3 Ne6 21. Nb3 b6 22. Bc6 Qe7 23. h4 f6 24. f4 Kh7 25. Rd2 Ng7 26. Qe1 Be6 27. Nd5 Qf7 28. Rf2 a4 29. Nd2 exf4 30. Nxf4 Be7 31. Bd5 Bxd5 32. Nxd5 f5 33. Kg2 Bd6 34. Ne4 Be5 35. Rd1 Qe6 36. Nec3 c6 37. bxc6 Qxc6 38. e4 Rfe8 39. Rf3 Qxc4 40. Qf1 Qc6 41. h5 fxe4 42. Nxe4 Qc2+ 43. Nf2 Nxh5 44. Nb4 Qc8 45. Rf7+ Bg7 46. Rdd7 Rf8 47. Rxf8 Qxf8 48. Nc6 Rc8 49. Nd4 Qa3 50. Ne4 Rf8 51. Qe2 Re8 52. Ng5+ hxg5 53. Qxe8 Qxg3+ 54. Kf1 Qd3+ 55. Kf2 g4 56. Ne6 g3+ 57. Ke1 Qb1+ 58. Kd2 Qxa2+ 59. Kd1 Qa1+ 60. Kc2 Qc3+ 61. Kd1 Qf3+ 62. Kd2 Qf2+ 63. Kd3 Qf5+ 64. Kc4 g2 65. Nf8+ Qxf8 66. Qxf8 g1=Q 67. Qf7 Qe3 68. Kb4 a3 69. Ra7 Qc3+ 70. Kb5 Qc5+ 71. Ka6 Kh6 72. Kb7 Nf6 73. Ra4 Qd5+ 74. Qxd5 Nxd5 75. Rxa3 b5 76. Rh3+ Kg5 77. Kc6 Nc3 78. Kc5 Kg4 79. Rh1 g5 80. Kb4 Bd4 81. Rf1 Kg3 82. Rf8 g4 83. Rd8 Be5 84. Rg8 Bf6 85. Rg6 Kh4 86. Ka5 Bg5 87. Rc6 g3 0-1

[Event "FB1 2223 SK Schwäbisch Hall - SV Weißb"]
[Site "?"]
[Date "2023.03.11"]
[Round "7.3"]
[White "Hincu, Olga"]
[Black "Atalik, Ekaterina"]
[Result "0-1"]
[WhiteElo "2128"]
[BlackElo "2409"]
[PlyCount "105"]
[EventDate "2023.??.??"]

1. d4 d5 2. Nf3 Nf6 3. c4 e6 4. Bg5 Nbd7 5. e3 h6 6. Bh4 Be7 7. Bd3 dxc4 8. Bxc4 c5 9. O-O O-O 10. Nc3 cxd4 11. exd4 Nb6 12. Bb3 Nfd5 13. Bg3 Bd7 14. Rc1 Nxc3 15. bxc3 Ba3 16. Rb1 Bb5 17. Re1 a6 18. Ne5 Be8 19. Ng6 Nd5 20. Bxd5 Qxd5 21. Nxf8 Bxf8 22. Qb3 Bc6 23. f3 b5 24. Rec1 Be7 25. Be5 Bg5 26. Rc2 Qd7 27. Bg3 Bd5 28. Qb2 Rc8 29. Re2 Rc4 30. f4 Bf6 31. Qd2 Qc6 32. Be1 Ra4 33. Rb2 Bc4 34. Rf2 Qd5 35. Qc2 g6 36. Bd2 Bg7 37. Be3 Qc6 38. Qd2 Qe4 39. h3 h5 40. Rf3 Bf8 41. Qf2 Qf5 42. Qh4 Bxa2 43. Qd8 Bd5 44. Rg3 Ra1+ 45. Kh2 Qd3 46. f5 Qf1 47. Rxg6+ fxg6 48. Rf2 Qh1+ 49. Kg3 Rg1 50. Kh4 Rxg2 51. Rxg2 Qxg2 52. f6 Qe4+ 53. Kg5 0-1

[Event "FB1 2223 SK Schwäbisch Hall - SV Weißb"]
[Site "?"]
[Date "2023.03.11"]
[Round "7.4"]
[White "Matnadze Bujiashvili, Ann"]
[Black "Schulz, Petra"]
[Result "1-0"]
[WhiteElo "2393"]
[BlackElo "1994"]
[PlyCount "77"]
[EventDate "2023.??.??"]

1. d4 Nf6 2. Nf3 g6 3. g3 Bg7 4. Bg2 O-O 5. O-O d6 6. c4 Nbd7 7. Nc3 e5 8. h3 a6 9. e4 Rb8 10. Re1 b5 11. cxb5 axb5 12. Nd5 c6 13. Nxf6+ Bxf6 14. Bh6 Bg7 15. Qd2 Qb6 16. Rac1 c5 17. dxc5 dxc5 18. Red1 Re8 19. b3 Rb7 20. Ne1 Bxh6 21. Qxh6 Rc7 22. Nc2 Ra7 23. Ne3 Nf6 24. Rc2 Bb7 25. Rcd2 Nxe4 26. Bxe4 Bxe4 27. Rd6 Qxd6 28. Rxd6 Rxa2 29. Rd1 Bf3 30. Rc1 Rb2 31. Ng4 Bxg4 32. hxg4 Rxb3 33. Kg2 e4 34. Rh1 Re6 35. Qxh7+ Kf8 36. Ra1 Ke7 37. Ra7+ Kd6 38. Qxf7 Rf3 39. Ra6+ 1-0

[Event "FB1 2223 SK Schwäbisch Hall - SV Weißb"]
[Site "?"]
[Date "2023.03.11"]
[Round "7.5"]
[White "Germann, Heike"]
[Black "Daulyte-Cornette, Deimante"]
[Result "0-1"]
[WhiteElo "1992"]
[BlackElo "2344"]
[PlyCount "46"]
[EventDate "2023.??.??"]

1. d4 d5 2. c4 e6 3. Nc3 Bb4 4. e3 Nf6 5. Nge2 dxc4 6. a3 Ba5 7. Ng3 b5 8. a4 a6 9. Bd2 c6 10. Nce4 Nd5 11. Nd6+ Qxd6 12. Bxa5 O-O 13. Be2 Nd7 14. O-O c5 15. dxc5 Qxc5 16. Ne4 Qc6 17. Qc2 Bb7 18. Bf3 Ne5 19. Ng5 Nxf3+ 20. Nxf3 Qc5 21. Bd2 Nf6 22. Nd4 e5 23. Nf5 Be4 0-1

[Event "FB1 2223 SK Schwäbisch Hall - SV Weißb"]
[Site "?"]
[Date "2023.03.11"]
[Round "7.6"]
[White "Ambartsumova, Karina"]
[Black "Just, Anita"]
[Result "1-0"]
[WhiteElo "2399"]
[BlackElo "1908"]
[PlyCount "69"]
[EventDate "2023.??.??"]

1. Nf3 e6 2. g3 f5 3. Bg2 Nf6 4. c4 Be7 5. O-O O-O 6. d4 d6 7. Nc3 a5 8. Re1 Ne4 9. Qc2 d5 10. Ne5 Nxc3 11. bxc3 c6 12. Rb1 Nd7 13. Nxd7 Qxd7 14. cxd5 exd5 15. c4 Bf6 16. cxd5 cxd5 17. Bf4 g5 18. Bc7 Ra6 19. Qc5 Kg7 20. Bxd5 Rc6 21. Bxc6 bxc6 22. Be5 f4 23. Bxf6+ Rxf6 24. Qxg5+ Kf7 25. Qh5+ Kg8 26. Rb8 fxg3 27. hxg3 Kg7 28. Rd1 Rh6 29. Qxa5 Rg6 30. Qe5+ Kf7 31. Rd3 Rf6 32. Qh5+ Kg7 33. Re3 Qc7 34. Qe5 Qd7 35. Rf3 1-0

[Event "FB1 Hamburger SK - SV Medizin Erfurt"]
[Site "?"]
[Date "2023.03.11"]
[Round "7.1"]
[White "Nguyen, Ha Thanh"]
[Black "Socko, Monika"]
[Result "0-1"]
[WhiteElo "1967"]
[BlackElo "2420"]
[PlyCount "102"]
[EventDate "2023.??.??"]

1. e4 e6 2. d4 d5 3. Nc3 Nf6 4. e5 Nfd7 5. f4 c5 6. Nf3 Nc6 7. Be3 Be7 8. Qd2 O-O 9. dxc5 Nxc5 10. O-O-O a6 11. Nd4 Nxd4 12. Bxd4 Bd7 13. h4 Rc8 14. Kb1 b5 15. Qe3 b4 16. Ne2 Qc7 17. Rc1 a5 18. Ng3 f5 19. h5 a4 20. Bd3 Qa5 21. Ne2 b3 22. Bc3 bxa2+ 23. Kxa2 Qa8 24. g4 a3 25. b3 Qb7 26. Bd4 fxg4 27. Bxc5 Bxc5 28. Qg3 Bb5 29. Rh4 Bxd3 30. Qxd3 Qf7 31. Rxg4 Qxh5 32. Rg3 Rc7 33. Qa6 Kh8 34. Qd3 g6 35. Rf3 Qf5 36. Qd2 Rfc8 37. Rd3 Be7 38. Ng3 Qf8 39. Ne2 Bb4 40. Qd1 Qf7 41. c3 Bc5 42. Qd2 Rb7 43. Rh1 Rxb3 44. Kxb3 Rb8+ 45. Ka2 Rb2+ 46. Qxb2 axb2 47. Kxb2 Qb7+ 48. Kc2 Qa6 49. Nc1 Qa4+ 50. Kb2 Ba3+ 51. Kb1 Qb5+ 0-1

[Event "FB1 Hamburger SK - SV Medizin Erfurt"]
[Site "?"]
[Date "2023.03.11"]
[Round "7.2"]
[White "Papp, Sarah"]
[Black "Reuter, Elisa"]
[Result "1/2-1/2"]
[WhiteElo "2290"]
[BlackElo "1924"]
[PlyCount "113"]
[EventDate "2023.??.??"]

1. e4 c5 2. d3 Nc6 3. g3 g6 4. Bg2 Bg7 5. f4 d6 6. Nf3 e6 7. O-O Nge7 8. c3 O-O 9. Be3 b6 10. Bf2 Qc7 11. Re1 Bb7 12. d4 cxd4 13. cxd4 d5 14. e5 Qd7 15. Nc3 Na5 16. Bf1 a6 17. Na4 Qd8 18. Rc1 Bc6 19. Nd2 Bb5 20. b3 Bxf1 21. Nxf1 Nb7 22. Qd2 b5 23. Nc5 Nxc5 24. Rxc5 Rc8 25. Rxc8 Qxc8 26. g4 Qd7 27. Bh4 f5 28. Bxe7 Qxe7 29. g5 Rc8 30. Rc1 Qd7 31. Ne3 Bf8 32. Kf2 Rc6 33. Ke2 Qc7 34. Rxc6 Qxc6 35. b4 Kf7 36. Qc2 Qxc2+ 37. Nxc2 Ke8 38. Kd3 Kd7 39. Kc3 h5 40. Ne1 Be7 41. Nf3 Ke8 42. Ne1 Kd7 43. Nd3 Bf8 44. Kb3 Be7 45. a4 Kc6 46. Nc5 Bxc5 47. bxc5 a5 48. axb5+ Kxb5 49. h4 a4+ 50. Ka3 Ka5 51. c6 Kb6 52. Kxa4 Kxc6 53. Ka5 Kc7 54. Kb5 Kb7 55. Kc5 Kc7 56. Kb5 Kb7 57. Kc5 1/2-1/2

[Event "FB1 Hamburger SK - SV Medizin Erfurt"]
[Site "?"]
[Date "2023.03.11"]
[Round "7.3"]
[White "Mueller-Ludwig, Kristin"]
[Black "Baciu, Diana"]
[Result "0-1"]
[WhiteElo "2048"]
[BlackElo "2295"]
[PlyCount "100"]
[EventDate "2023.??.??"]

1. e4 e6 2. d4 d5 3. Nc3 Bb4 4. e5 c5 5. a3 Bxc3+ 6. bxc3 Ne7 7. Nf3 b6 8. Bb5+ Bd7 9. Bd3 h6 10. O-O c4 11. Be2 Ba4 12. g3 Nbc6 13. Nh4 Kd7 14. f4 Qg8 15. Rf2 Qh7 16. Bg4 Raf8 17. Ra2 Nd8 18. Rb2 Kc7 19. Rb4 Bd7 20. a4 a5 21. Rb1 Bxa4 22. Ba3 Re8 23. Bd6+ Kc6 24. Qc1 Nc8 25. Ba3 Rhg8 26. f5 g5 27. fxg6 fxg6 28. Rf6 Kb7 29. Qb2 b5 30. Bc5 g5 31. Nf5 h5 32. Qa3 Ka6 33. Rh6 Qf7 34. Rf6 Qh7 35. Rh6 Qf7 36. Rf6 Qh7 37. Bf3 Rg6 38. Rxg6 Qxg6 39. Ne3 g4 40. Bg2 Nb7 41. Rf1 Qg5 42. Nxd5 exd5 43. Rf6+ Nbd6 44. Bxd6 Qe3+ 45. Kh1 Re6 46. Qc5 Nb6 47. Rf7 Bxc2 48. Bc7 Be4 49. Qf8 Re8 50. Bb8 Rxb8 0-1

[Event "FB1 Hamburger SK - SV Medizin Erfurt"]
[Site "?"]
[Date "2023.03.13"]
[Round "7.4"]
[White "Fuchs, Judith"]
[Black "Anisheva, Varvara"]
[Result "1-0"]
[WhiteElo "2235"]
[BlackElo "2075"]
[PlyCount "79"]
[EventDate "2023.??.??"]

1. b3 d5 2. e3 Bf5 3. Bb2 a6 4. f4 Nc6 5. Nf3 Nf6 6. Be2 h5 7. O-O h4 8. Ne5 e6 9. a3 Bd6 10. c4 Bxe5 11. fxe5 Nh7 12. cxd5 Qxd5 13. Bc4 Qd7 14. d4 O-O-O 15. Nc3 Ng5 16. Rc1 h3 17. g3 Nxe5 18. dxe5 Qc6 19. Nd5 exd5 20. Bd3 Bxd3 21. Rxc6 Bxf1 22. Qg4+ Ne6 23. Rxe6 fxe6 24. Qxe6+ Kb8 25. Kxf1 c5 26. Qg4 d4 27. exd4 cxd4 28. Bxd4 Rc8 29. Qxg7 Rc1+ 30. Ke2 Rhc8 31. e6 R1c2+ 32. Kf3 Rxh2 33. e7 Rhc2 34. Qe5+ Ka8 35. e8=Q h2 36. Q8h5 Rf8+ 37. Ke3 Rc1 38. Qee8+ Rc8 39. Qxc8+ Rxc8 40. Qxh2 1-0

[Event "FB1 Hamburger SK - SV Medizin Erfurt"]
[Site "?"]
[Date "2023.03.11"]
[Round "7.5"]
[White "Troyke, Doreen"]
[Black "Genova, Lyubka"]
[Result "0-1"]
[WhiteElo "2001"]
[BlackElo "2212"]
[PlyCount "68"]
[EventDate "2023.??.??"]

1. c4 c5 2. g3 Nc6 3. Bg2 g6 4. Nf3 Bg7 5. O-O e5 6. Nc3 Nge7 7. d3 O-O 8. Rb1 d6 9. a3 Rb8 10. b4 b6 11. Bd2 h6 12. Qc1 Kh7 13. Ne1 f5 14. e3 Qd7 15. f4 Bb7 16. Nc2 Rbe8 17. Nd5 Nd8 18. e4 exf4 19. Bxf4 Ne6 20. Bd2 fxe4 21. dxe4 Nc6 22. Nce3 Ned4 23. Qd1 Ne5 24. Kh1 Rxf1+ 25. Qxf1 Qd8 26. Qd1 Rf8 27. Bc3 Qg5 28. Rb2 Bxd5 29. Nxd5 Nxc4 30. Ra2 Ne3 31. Nxe3 Qxe3 32. Bd2 Qd3 33. Qe1 Nf3 34. Bxf3 Qxf3+ 0-1

[Event "FB1 Hamburger SK - SV Medizin Erfurt"]
[Site "?"]
[Date "2023.03.11"]
[Round "7.6"]
[White "Scognamiglio, Stefanie"]
[Black "Umpfenbach, Carolin"]
[Result "1-0"]
[WhiteElo "2056"]
[BlackElo "2050"]
[PlyCount "105"]
[EventDate "2023.??.??"]

1. e4 e6 2. d3 b6 3. Nf3 Bb7 4. Nbd2 d6 5. b3 Nf6 6. Bb2 Be7 7. h3 Nbd7 8. Qe2 a5 9. a4 O-O 10. g3 Ne8 11. Bg2 e5 12. O-O Bf6 13. Nc4 g6 14. Rad1 Ng7 15. Ne3 Ne6 16. Nh2 Bg7 17. Nc4 Qe7 18. Ne3 Rae8 19. Rfe1 Ndc5 20. Nd5 Qd8 21. Qd2 c6 22. Ne3 f5 23. Nc4 f4 24. g4 Nd4 25. Nf3 Nxf3+ 26. Bxf3 Ne6 27. Kg2 c5 28. Rh1 Nd4 29. Bxd4 exd4 30. Rde1 d5 31. exd5 Bxd5 32. Bxd5+ Qxd5+ 33. f3 Re3 34. Nxe3 fxe3 35. Qe2 Qe5 36. h4 Qf4 37. h5 Be5 38. Rh3 gxh5 39. gxh5 Qf5 40. Reh1 Kf7 41. Rh4 Rg8+ 42. Rg4 Rg5 43. Rxg5 Qxg5+ 44. Kf1 Bf6 45. Qg2 Qh6 46. Ke2 Qf4 47. Rg1 h6 48. Qg6+ Kf8 49. Qg3 Qf5 50. Qg8+ Ke7 51. Qg4 Qe5 52. Qe4 Qxe4 53. dxe4 1-0

[Event "FB1 TuRa Harksheide - SC 1957 Bad Köni"]
[Site "?"]
[Date "2023.03.11"]
[Round "7.1"]
[White "Schneider, Jana"]
[Black "Gosciniak, Maria"]
[Result "1-0"]
[WhiteElo "2323"]
[BlackElo "2094"]
[PlyCount "65"]
[EventDate "2023.??.??"]

1. e4 Nf6 2. e5 Nd5 3. d4 d6 4. c4 Nb6 5. exd6 exd6 6. Nc3 Be7 7. Be3 Nc6 8. b3 Bf5 9. Nf3 Bf6 10. Rc1 O-O 11. Be2 d5 12. O-O Bg6 13. Bf4 dxc4 14. d5 cxb3 15. dxc6 b2 16. cxb7 bxc1=Q 17. Qxc1 Rb8 18. Rd1 Qe7 19. Ba6 Qb4 20. Nb5 Qa4 21. Nxc7 Qxa2 22. Ne5 Be4 23. Nc6 Bxc6 24. Qxc6 Bd8 25. Nb5 Qa4 26. Qf3 Rxb7 27. Bxb7 Qxb5 28. Bd6 Re8 29. Bc6 Qe2 30. Bxe8 Qxe8 31. Be5 Nd7 32. Qd5 Qxe5 33. Qxe5 1-0

[Event "FB1 TuRa Harksheide - SC 1957 Bad Köni"]
[Site "?"]
[Date "2023.03.11"]
[Round "7.2"]
[White "Adamowicz, Katarzyna"]
[Black "Kiolbasa, Oliwia"]
[Result "0-1"]
[WhiteElo "2088"]
[BlackElo "2410"]
[PlyCount "112"]
[EventDate "2023.??.??"]

1. e4 e5 2. Nf3 Nc6 3. Bb5 a6 4. Ba4 d6 5. c3 Bd7 6. O-O g6 7. d4 Bg7 8. h3 Nf6 9. Re1 O-O 10. a3 Nh5 11. Bg5 Qe8 12. d5 Ne7 13. Bxd7 Qxd7 14. c4 h6 15. Bd2 b5 16. Nc3 bxc4 17. Qe2 f5 18. Qxc4 fxe4 19. Qxe4 Nf4 20. Bxf4 Rxf4 21. Qd3 Raf8 22. Re3 g5 23. Rf1 g4 24. hxg4 Qxg4 25. Nh2 Qh5 26. Rh3 Qf7 27. Rf3 e4 28. Rxf4 exd3 29. Rxf7 Kxf7 30. Rd1 Rb8 31. Rxd3 Rxb2 32. Nd1 Rb1 33. Nf1 Ng6 34. Nde3 Nf4 35. Rd2 Rb3 36. Rc2 Bc3 37. g3 Nd3 38. Nd1 Ba5 39. Nfe3 Rxa3 40. Nc4 Ra1 41. Nxa5 Rxd1+ 42. Kh2 Nc5 43. Nc4 Rxd5 44. Ne3 Rd3 45. Kh3 Kg6 46. Rc4 h5 47. Ng2 Rd2 48. f4 a5 49. Nh4+ Kf6 50. Nf3 Rd1 51. Nd4 a4 52. Nb5 Rh1+ 53. Kg2 Rb1 54. Nxc7 a3 55. Nd5+ Ke6 56. Nc3 Rc1 0-1

[Event "FB1 TuRa Harksheide - SC 1957 Bad Köni"]
[Site "?"]
[Date "2023.03.11"]
[Round "7.3"]
[White "Melamed, Tatjana"]
[Black "Brandt, Carina"]
[Result "1/2-1/2"]
[WhiteElo "2391"]
[BlackElo "2041"]
[PlyCount "152"]
[EventDate "2023.??.??"]

1. e4 e6 2. d4 d5 3. Nd2 c5 4. exd5 exd5 5. Ngf3 Nf6 6. Bb5+ Bd7 7. Bxd7+ Nbxd7 8. O-O Be7 9. dxc5 O-O 10. b4 a5 11. c3 Qc7 12. Re1 Rfe8 13. Nb3 Ne4 14. Bb2 Bf6 15. Nxa5 Nxc3 16. Qb3 Nxc5 17. bxc5 Qxa5 18. Bxc3 Bxc3 19. Rxe8+ Rxe8 20. Rc1 d4 21. Qd5 Rd8 22. Qc4 Qb4 23. Qxb4 Bxb4 24. Rc4 Bc3 25. g3 f6 26. Kf1 Kf7 27. Ke2 d3+ 28. Kd1 Ba5 29. Ra4 b6 30. c6 Rc8 31. Rd4 Rxc6 32. Rxd3 Rc7 33. Nd4 Rd7 34. Kc2 Bb4 35. f3 Ra7 36. Kb1 Bc5 37. Nb3 Bg1 38. h3 Re7 39. Kc2 Bf2 40. f4 Re2+ 41. Nd2 Ke7 42. Kd1 Re1+ 43. Kc2 h5 44. g4 f5 45. gxh5 Be3 46. Nc4 Bxf4 47. Nxb6 Ke6 48. a4 Rc1+ 49. Kb2 Rc6 50. Nd5 Be5+ 51. Kb3 f4 52. Nb4 Rc1 53. a5 Bd6 54. Nc2 Rb1+ 55. Kc4 Rb7 56. Nd4+ Kf6 57. Nb5 Bb8 58. a6 Rf7 59. Ra3 Kg5 60. Nd4 Ba7 61. Nf3+ Kxh5 62. Ra5+ Kh6 63. Rd5 Rf6 64. Ra5 Rc6+ 65. Kd5 Rc3 66. Ke4 Rc4+ 67. Kf5 g6+ 68. Kg4 Rc7 69. h4 Be3 70. Ra2 Re7 71. Rb2 Ra7 72. Rb7 Rxa6 73. Ng5 Ra7 74. Rxa7 Bxa7 75. Kxf4 Bf2 76. Kg4 Bxh4 1/2-1/2

[Event "FB1 TuRa Harksheide - SC 1957 Bad Köni"]
[Site "?"]
[Date "2023.03.11"]
[Round "7.4"]
[White "Koehler, Inken"]
[Black "Obolentseva, Alexandra"]
[Result "0-1"]
[WhiteElo "1995"]
[BlackElo "2310"]
[PlyCount "152"]
[EventDate "2023.??.??"]

1. c4 Nf6 2. Nc3 g6 3. g3 Bg7 4. Bg2 O-O 5. d4 d6 6. Nf3 c5 7. O-O Nc6 8. d5 Na5 9. Qd3 a6 10. e4 Rb8 11. Nd2 b5 12. Rb1 Ng4 13. cxb5 axb5 14. b4 cxb4 15. Rxb4 Ba6 16. Ne2 Qc7 17. Qb1 Rfc8 18. Nb3 Nxb3 19. Qxb3 Qc2 20. Bf3 Ne5 21. Nd4 Qxb3 22. Rxb3 Nxf3+ 23. Nxf3 b4 24. Re1 Bc4 25. Be3 Bxb3 26. axb3 Ra8 27. Nd4 Bxd4 28. Bxd4 Rc2 29. Rd1 Raa2 30. Be3 Ra3 31. Rd3 Ra1+ 32. Kg2 Raa2 33. Kf3 f6 34. Rd4 Ra8 35. Rxb4 Rcc8 36. Rb7 Kf7 37. b4 Rab8 38. Rxb8 Rxb8 39. Bd2 Ke8 40. Ke3 Kd7 41. Kd4 Rc8 42. Kd3 g5 43. h3 h5 44. Be3 Ra8 45. Ke2 Ra2+ 46. Bd2 Rb2 47. h4 gxh4 48. gxh4 Rb1 49. f3 Kc7 50. Kf2 Rb2 51. Ke3 Kd7 52. Be1 Rb1 53. Kf2 e6 54. dxe6+ Kxe6 55. Bd2 d5 56. exd5+ Kxd5 57. Ke3 Rh1 58. Bc3 Ke6 59. b5 Rb1 60. Kf4 Rxb5 61. Bd2 Rb2 62. Be1 Ra2 63. Bc3 Ra4+ 64. Kg3 Rc4 65. Bd2 Ke5 66. Bh6 Ra4 67. Bg7 Ke6 68. Bh6 Rc4 69. Bd2 Kd5 70. Bh6 f5 71. Bf4 Kd4 72. Bb8 Ke3 73. Ba7+ Ke2 74. f4 Rc3+ 75. Kg2 Rf3 76. Bb8 Ke3 0-1

[Event "FB1 TuRa Harksheide - SC 1957 Bad Köni"]
[Site "?"]
[Date "2023.03.11"]
[Round "7.5"]
[White "Schoene, Maria"]
[Black "Rosmait, Emily"]
[Result "1-0"]
[WhiteElo "2187"]
[BlackElo "1901"]
[PlyCount "117"]
[EventDate "2023.??.??"]

1. e4 e5 2. Nf3 Nc6 3. Bb5 a6 4. Ba4 d6 5. O-O Nf6 6. Re1 Be7 7. Bxc6+ bxc6 8. d4 exd4 9. Nxd4 Bb7 10. Nc3 O-O 11. Nf5 Re8 12. Qf3 Nd7 13. Bh6 Bf6 14. Bxg7 Bxg7 15. Qg4 Qf6 16. Nxg7 Qxg7 17. Qxd7 f6 18. Qxg7+ Kxg7 19. Rad1 Re5 20. f3 Rae8 21. Kf2 Kf7 22. Re2 a5 23. Rd4 Ba6 24. Red2 Rb8 25. b3 Rb4 26. Na4 Rh5 27. h3 Rxd4 28. Rxd4 c5 29. Rd5 Rxd5 30. exd5 c4 31. Nb2 cxb3 32. axb3 Bb7 33. Nc4 Bxd5 34. Nxa5 c5 35. Ke3 Ke6 36. g3 Ba8 37. Nc4 d5 38. Nb6 Bc6 39. Kf4 Be8 40. Na4 Kd6 41. Nb2 Bg6 42. Nd3 d4 43. g4 Kc6 44. g5 fxg5+ 45. Kxg5 Kb5 46. f4 c4 47. bxc4+ Kxc4 48. f5 Be8 49. f6 Kc3 50. Ne1 Kd2 51. Nf3+ Ke3 52. Ne5 Kd2 53. Nc6 Kxc2 54. Nxd4+ Kd3 55. Nc6 Ke4 56. Nd8 Kf3 57. f7 Bxf7 58. Nxf7 Kg3 59. h4 1-0